[Event "Memorial Nicola Palladino A"]
[Site "Milano ITA"]
[Date "2011.04.25"]
[Round "7"]
[White "Guzzetti, Luigi Enrico"]
[Black "Attuati, Stefano"]
[Result "0-1"]
[WhiteElo "1908"]
[BlackElo "1958"]
[PlyCount "128"]
[EventDate "2011.04.21"]

1. e4 e6 2. d4 d5 3. e5 c5 4. c3 Qb6 5. Nf3 Bd7 6. Be2 Nh6 7. O-O Nc6 8. b3
cxd4 9. cxd4 Nf5 10. Bb2 Be7 11. g4 Nh4 12. Nxh4 Bxh4 13. Na3 Be7 14. Nc2 O-O
15. Qd3 f6 16. a3 Na5 17. Bc3 Nc6 18. b4 Rac8 19. Ra2 Qc7 20. f4 Nxe5 21. fxe5
Qxc3 22. Rf3 Qxd3 23. Bxd3 Ba4 24. Kg2 Rc7 25. Kg3 Rfc8 26. Ne1 Bb3 27. Raf2
Bd1 28. Be2 Bxe2 29. Rxe2 fxe5 30. dxe5 Rc3 31. Ree3 Rxe3 32. Rxe3 Bg5 33. Rd3
Rc4 34. Nf3 Bf4+ 35. Kh4 b5 36. Kh3 Re4 37. Rc3 Rc4 38. Rd3 h6 39. Kg2 Re4 40.
Rc3 Bxe5 41. Rc8+ Kh7 42. Nxe5 Rxe5 43. Ra8 d4 44. Rxa7 Rd5 45. Kf2 e5 46. Ke2
e4 47. Re7 d3+ 48. Kd2 Rd4 49. Re5 Kg6 50. h4 Kf6 51. Re8 h5 52. gxh5 Kf5 53.
Re7 Rd5 54. Rxg7 e3+ 55. Kd1 d2 56. Re7 Re5 57. Rxe5+ Kxe5 58. h6 Kf6 59. h5
Kf7 60. Ke2 Kg8 61. a4 bxa4 62. b5 a3 63. b6 a2 64. b7 a1=Q 0-1

[Event "Memorial Nicola Palladino A"]
[Site "Milano ITA"]
[Date "2011.04.25"]
[Round "7"]
[White "Piantoni, Pierino"]
[Black "Pierandrei, Cristiano"]
[Result "0-1"]
[WhiteElo "1965"]
[BlackElo "1963"]
[PlyCount "56"]
[EventDate "2011.04.21"]

1. c4 e6 2. Nc3 d5 3. d4 c6 4. Nf3 Nf6 5. Bg5 dxc4 6. e4 b5 7. e5 h6 8. Bh4 g5
9. Nxg5 hxg5 10. Bxg5 Nbd7 11. g3 Bb7 12. Bg2 Qb6 13. exf6 O-O-O 14. O-O c5 15.
dxc5 Nxc5 16. Qe2 Bxg2 17. Kxg2 Bh6 18. h4 Qc6+ 19. f3 Bxg5 20. hxg5 Rh5 21.
Rh1 Rxg5 22. Rh7 Rdg8 23. Ne4 Nxe4 24. Qxe4 Rxg3+ 25. Kh2 Qd5 26. Rd1 Rg2+ 27.
Kh3 R8g3+ 28. Kh4 Qg5# 0-1

[Event "Memorial Nicola Palladino A"]
[Site "Milano ITA"]
[Date "2011.04.25"]
[Round "7"]
[White "Zacco, Remo"]
[Black "Petrone, Gianmario"]
[Result "0-1"]
[WhiteElo "1942"]
[BlackElo "1849"]
[PlyCount "108"]
[EventDate "2011.04.21"]

1. e4 c5 2. Nc3 d6 3. f4 Nc6 4. Nf3 Nf6 5. Bb5 Bd7 6. O-O e6 7. d3 Be7 8. a3 a6
9. Bxc6 Bxc6 10. Qe1 O-O 11. Ne2 Re8 12. Ng3 Qb6 13. Kh1 Rad8 14. f5 e5 15. b3
d5 16. Bg5 dxe4 17. dxe4 Qc7 18. Bd2 b5 19. Ba5 Qb7 20. Bxd8 Bxd8 21. Rd1 Nxe4
22. Nxe5 Nxg3+ 23. Qxg3 Bc7 24. f6 g6 25. Rfe1 h6 26. Re2 Bxe5 27. Rxe5 Rxe5
28. Qxe5 Bxg2+ 29. Kg1 Bh3 30. Qg3 Be6 31. h4 Qe4 32. Re1 Qd4+ 33. Qe3 Qg4+ 34.
Kf1 Qxh4 35. Qf2 Qxf2+ 36. Kxf2 Kh7 37. Rd1 g5 38. Rd6 a5 39. Rc6 c4 40. Rc5
cxb3 41. cxb3 Bxb3 42. Rxb5 a4 43. Kg3 Kg6 44. Rb6 h5 45. Kh3 Kf5 46. Kg3 Kg6
47. Ra6 h4+ 48. Kf3 Kf5 49. Kg2 g4 50. Rb6 Bd5+ 51. Kh2 Kf4 52. Rb4+ Kf3 53.
Rxa4 g3+ 54. Kg1 h3 0-1